[Event "Mecklenburg VP-ch U14"]
[Site "Malchow"]
[Date "2009.02.10"]
[Round "6.9"]
[White "Mueller, Julius"]
[Black "Wagner, Sandro"]
[Result "1-0"]
[WhiteElo "1163"]
[BlackElo "911"]
[PlyCount "77"]
[EventDate "2009.02.07"]
[EventType "swiss"]
[EventRounds "7"]
[EventCountry "GER"]
[SourceTitle "EXT 2022"]
[Source "ChessBase"]
[SourceDate "2021.10.06"]
[SourceVersion "1"]
[SourceVersionDate "2021.10.06"]
[SourceQuality "1"]

1. e4 e5 2. Nf3 Nc6 3. d4 d6 4. d5 Nd4 5. Nxd4 exd4 6. Qxd4 Qe7 7. c4 Nf6 8. Nc3 g6 9. Bg5 Bg7 10. Qd1 Qe5 11. Bxf6 Qxf6 12. Bd3 Qg5 13. 0-0 Bh3 14. Qf3 Bg4 15. Qg3 Be5 16. f4 Bd4+ 17. Kh1 Qh5 18. h3 Bd7 19. Be2 Qh6 20. Kh2 0-0-0 21. Rab1 Rhg8 22. Qd3 Bb6 23. b4 c5 24. bxc5 Bxc5 25. Nb5 f6 26. Qb3 b6 27. Nxa7+ Kb7 28. Nb5 g5 29. Nxd6+ Kb8 30. Nf7 Qh4 31. Nxd8 gxf4 32. Ne6 f3 33. Qxf3 Qh6 34. Nxc5 Bc8 35. Rxb6+ Ka7 36. Rxf6 Qg7 37. Rf7+ Qxf7 38. Qxf7+ Bb7 39. Qxb7# 1-0

[Event "Mecklenburg VP-ch U14"]
[Site "Malchow"]
[Date "2009.02.09"]
[Round "4.10"]
[White "Wagner, Sandro"]
[Black "Draeger, Janine"]
[Result "1-0"]
[WhiteElo "911"]
[BlackElo "1070"]
[PlyCount "81"]
[EventDate "2009.02.07"]
[EventType "swiss"]
[EventRounds "7"]
[EventCountry "GER"]
[SourceTitle "EXT 2022"]
[Source "ChessBase"]
[SourceDate "2021.10.06"]
[SourceVersion "1"]
[SourceVersionDate "2021.10.06"]
[SourceQuality "1"]

1. d4 d5 2. Nc3 Nf6 3. Bf4 Bd7 4. e3 a6 5. Nf3 e6 6. a3 c5 7. Be2 Nc6 8. 0-0 Be7 9. Ne5 0-0 10. Nxc6 Bxc6 11. b4 c4 12. Rb1 b5 13. Bf3 a5 14. Re1 Ne4 15. Bxe4 dxe4 16. Qg4 g6 17. Bh6 Re8 18. Nxe4 f5 19. Qh3 Bxe4 20. Rb2 c3 21. Rbb1 Bxc2 22. Rbc1 Be4 23. Rxc3 axb4 24. axb4 Bxb4 25. Rc6 Bxe1 26. Rc1 Bd2 27. Rf1 Bd3 28. Rd1 Qa5 29. Qf3 Qa1 30. h3 Qb2 31. Qb7 Qxd4 32. exd4 Bxh6 33. Rxd3 Reb8 34. Qe7 Ra6 35. d5 exd5 36. Rxd5 b4 37. Rd7 Ra1+ 38. Kh2 Bf4+ 39. g3 Be5 40. Qf7+ Kh8 41. Qxh7# 1-0